Welcome to WEB OPAC of MRSPTU Central Library

Urban Planning Methods: Research and Policy Analysis (Record no. 10474)

MARC details
000 -LEADER
fixed length control field 00443nam a22001817a 4500
003 - CONTROL NUMBER IDENTIFIER
control field OSt
005 - DATE AND TIME OF LATEST TRANSACTION
control field 20241121120736.0
008 - FIXED-LENGTH DATA ELEMENTS--GENERAL INFORMATION
fixed length control field 241121b |||||||| |||| 00| 0 eng d
040 ## - CATALOGING SOURCE
Transcribing agency MRSPTU
041 ## - LANGUAGE CODE
Language code of text/sound track or separate title ENG
082 ## - DEWEY DECIMAL CLASSIFICATION NUMBER
Classification number 711.4
Item number BR-U
100 ## - MAIN ENTRY--PERSONAL NAME
Personal name Bracken, Ian
245 ## - TITLE STATEMENT
Title Urban Planning Methods: Research and Policy Analysis
260 ## - PUBLICATION, DISTRIBUTION, ETC.
Place of publication, distribution, etc. Oxon
Name of publisher, distributor, etc. Routledge Lib.
Date of publication, distribution, etc. 2007
300 ## - PHYSICAL DESCRIPTION
Extent 400
650 ## - SUBJECT ADDED ENTRY--TOPICAL TERM
Topical term or geographic name entry element Architecture
942 ## - ADDED ENTRY ELEMENTS (KOHA)
Source of classification or shelving scheme Dewey Decimal Classification
Koha item type Book
Suppress in OPAC No
Holdings
Withdrawn status Lost status Source of classification or shelving scheme Damaged status Not for loan Home library Current library Date acquired Total checkouts Full call number Barcode Date last seen Price effective from Koha item type
    Dewey Decimal Classification     MRSPTU Central Library MRSPTU Central Library 11/21/2024   711.4 BR-U 41911 11/21/2024 11/21/2024 Book
    Dewey Decimal Classification     MRSPTU Central Library MRSPTU Central Library 11/21/2024   711.4 BR-U 41912 11/21/2024 11/21/2024 Book

Website Designed and Developed by MRSPTU Central Library Team

E-mail Id: librarian@mrsptu.ac.in